000
00252nam a2200109Ia 4500
008
190912s9999||||xx |||||||||||||| ||und||
100
_a
Thomas Hardy
245
0
_a
Far From The Madding Crowd
260
_a
USA
_b
Oxford
_c
1998
300
_a
480
942
_c
BK
999
_c
7282
_d
7282